LIBRARY & INFORMATION CENTRE, KCAET, TAVANUR

ONLINE PUBLIC ACCESS CATALOGUE (OPAC)

Principles and package development / (Record no. 1604)

MARC details
000 -LEADER
fixed length control field 00496cam a2200193ua 4500
020 ## - INTERNATIONAL STANDARD BOOK NUMBER
ISBN 0-87055-465-4
041 ## - LANGUAGE CODE
Language code of text/sound track or separate title eng
082 ## - DEWEY DECIMAL CLASSIFICATION NUMBER
Classification number 664.092
Item number GRI/PR
100 ## - MAIN ENTRY--AUTHOR NAME
Personal name Griffin, Roger.C .
245 ## - TITLE STATEMENT
Title Principles and package development /
250 ## - EDITION STATEMENT
Edition statement 2 /
260 ## - PUBLICATION, DISTRIBUTION, ETC. (IMPRINT)
Place of publication :
Name of publisher A V I Publishing co. ,
Year of publication 1985.
300 ## - PHYSICAL DESCRIPTION
Number of Pages 378 ; .
700 1# - ADDED ENTRY--PERSONAL NAME
Personal name Brody, Aaron .
700 1# - ADDED ENTRY--PERSONAL NAME
Personal name Sacharow, Stanley .
942 ## - ADDED ENTRY ELEMENTS (KOHA)
Koha item type Books
Holdings
Withdrawn status Lost status Damaged status Home library Current library Date acquired Full call number Accession Number Koha item type
      KAUAET KAUAET 19/08/1986 664.092 15345 Books
free website counter